000 01169cam a2200313 i 4500
001 65537
003 Mx-PuUPA
005 20240410104238.0
008 160616s2009 ag a r 000 0 spa d
020 _a9789508891822
040 _aMx-PuUPA
_bspa
_cMx-PuUPA
_dMx-PuUPA
_erda
041 1 _aspa
_hfre
100 1 _aAgacinski, Syviane,
_eautor
_92072
240 1 3 _aLe passeur de temps - Modernité et nostalgie.
_lEspañol
245 1 3 _aEl pasaje :
_btiempo, modernidad y nostalgia /
_cSylviane Agacinski ; traducido por Víctor Goldstein
250 _a1a edición
264 1 _aBuenos Aires :
_bLa Marca Editora,
_c2009
300 _a195 páginas :
_bLáminas (en blanco y negro) ;
_c20 cm.
336 _atexto
_2rdacontent
_btxt
337 _asin medio
_2rdamedia
_bn
338 _avolumen
_2rdacarrier
_bnc
490 0 _aBiblioteca de los confines/Nicoleas Casullo ;
_v7
650 4 _aEnsayo filosófico
700 1 _aGoldstein, Victor,
_etraductor
765 0 8 _aAgacinski, Syviane,
_dParís, Éditions du Seuil, 2000
_tLe passeaur de temps - Modernité et nostalgie
942 _2ddc
_cLI
_h844
_iA259
999 _c65537
_d65537